[Event "South America-ch U20 13th"]
[Site "Manta"]
[Date "2017.04.29"]
[Round "8"]
[White "Acosta, Pablo Ismael"]
[Black "Fonseca Medina, Andree"]
[Result "1-0"]
[WhiteElo "2428"]
[BlackElo "1756"]
[PlyCount "103"]
[EventDate "2017.04.25"]
[EventType "swiss"]
[EventRounds "9"]
[EventCountry "ECU"]
[SourceTitle "CBM 178 Extra"]
[Source "ChessBase"]
[SourceDate "2017.06.22"]
[SourceVersion "1"]
[SourceVersionDate "2017.06.22"]
[SourceQuality "1"]

1. d4 Nf6 2. Bg5 Ne4 3. Bf4 c5 4. f3 Nf6 5. d5 d6 6. e4 g6 7. Nc3 Bg7 8. Qd2 h5 9. h4 a6 10. a4 Qa5 11. e5 dxe5 12. Bxe5 Nbd7 13. Bf4 b5 14. Nh3 Bb7 15. d6 0-0 16. dxe7 Rfe8 17. Bd6 Bf8 18. Ne4 Qxd2+ 19. Kxd2 Nxe4+ 20. fxe4 Bxe7 21. Bxe7 Rxe7 22. axb5 axb5 23. Rxa8+ Bxa8 24. Bxb5 Bxe4 25. Re1 Nf6 26. g3 Rb7 27. c4 Rb6 28. Kc3 Rd6 29. Nf2 Re6 30. Bd7 Nxd7 31. Rxe4 Rf6 32. Rf4 Re6 33. Rf3 Nb8 34. Nd3 Na6 35. Nf4 Re1 36. Nd5 f5 37. Kb3 Kf7 38. Ka4 Nb8 39. Kb5 Nd7 40. Ra3 Ke6 41. Ra6+ Ke5 42. Nf4 Rb1 43. Re6+ Kd4 44. Rd6+ Ke3 45. Rxd7 Rxb2+ 46. Kxc5 Kf3 47. Rd3+ Kg4 48. Nxg6 Rb8 49. Ne7 Re8 50. Rd4+ f4 51. Rxf4+ Kxg3 52. Re4 1-0

[Event "South America-ch U16 12th"]
[Site "Santa Cruz"]
[Date "2015.12.06"]
[Round "7"]
[White "Vivas Zamora, Fabian Ernesto"]
[Black "Fonseca Medina, Andree"]
[Result "1-0"]
[WhiteElo "2169"]
[BlackElo "1653"]
[PlyCount "93"]
[EventDate "2015.12.02"]
[EventType "swiss"]
[EventRounds "9"]
[EventCountry "BOL"]
[SourceTitle "CBM 170 Extra"]
[Source "ChessBase"]
[SourceDate "2016.02.25"]
[SourceVersion "1"]
[SourceVersionDate "2016.02.25"]
[SourceQuality "1"]

1. e4 c5 2. Nf3 e6 3. d4 cxd4 4. Nxd4 a6 5. Bd3 Qc7 6. 0-0 Nf6 7. Nc3 Be7 8. Kh1 0-0 9. f4 d6 10. Qe2 Nbd7 11. a4 b6 12. Rf3 Bb7 13. Rg3 Rfe8 14. Bd2 Bf8 15. Re1 e5 16. Nf5 Nc5 17. fxe5 dxe5 18. Qf3 Kh8 19. Nxg7 Bxg7 20. Rxg7 Qe7 21. Rg5 Rg8 22. Rf5 Rg6 23. Bg5 Ncd7 24. Rf1 Kg7 25. Bc4 Rc8 26. Bd5 Rxc3 27. bxc3 Bxd5 28. exd5 e4 29. Qf4 h6 30. Bxf6+ Rxf6 31. Qg4+ Kf8 32. Qh4 Rxf5 33. Qxh6+ Ke8 34. Rxf5 Qa3 35. Qh8+ Ke7 36. Qh4+ Ke8 37. Qxe4+ Kd8 38. h3 f6 39. Qd4 Qc1+ 40. Kh2 Qxc2 41. Rh5 Qg6 42. Rh8+ Ke7 43. Qb4+ Kf7 44. Qd6 Qg7 45. Qxd7+ Kg6 46. Qxg7+ Kxg7 47. d6 1-0